<?xml version="1.0" encoding="UTF-8"?>
<record
    xmlns:xsi="http://www.w3.org/2001/XMLSchema-instance"
    xsi:schemaLocation="http://www.loc.gov/MARC21/slim http://www.loc.gov/standards/marcxml/schema/MARC21slim.xsd"
    xmlns="http://www.loc.gov/MARC21/slim">

  <leader>01653nam a22002777a 4500</leader>
  <controlfield tag="001">1320</controlfield>
  <controlfield tag="005">20251121133948.0</controlfield>
  <datafield tag="020" ind1=" " ind2=" ">
    <subfield code="a">9789924340911</subfield>
  </datafield>
  <datafield tag="040" ind1=" " ind2=" ">
    <subfield code="a">FISKH </subfield>
    <subfield code="b">eng</subfield>
    <subfield code="c">FISKH </subfield>
    <subfield code="d">FISKH </subfield>
  </datafield>
  <datafield tag="082" ind1=" " ind2=" ">
    <subfield code="a">595.79</subfield>
  </datafield>
  <datafield tag="100" ind1=" " ind2=" ">
    <subfield code="a">Hedelin, Pascale </subfield>
  </datafield>
  <datafield tag="245" ind1=" " ind2=" ">
    <subfield code="a">&#x1796;&#x17B7;&#x1797;&#x1796;&#x179F;&#x178F;&#x17D2;&#x179C;&#x179B;&#x17D2;&#x17A2;&#x17B7;&#x178F; / </subfield>
    <subfield code="c">&#x1793;&#x17B7;&#x1796;&#x1793;&#x17D2;&#x1792;&#x178A;&#x17C4;&#x1799; Pascale Hedelin - &#x1782;&#x17BC;&#x179A;&#x179A;&#x17BC;&#x1794;&#x178A;&#x17C4;&#x1799; Sandra de la Prada - &#x1794;&#x1780;&#x1794;&#x17D2;&#x179A;&#x17C2;&#x1796;&#x17B8;&#x1797;&#x17B6;&#x179F;&#x17B6;&#x1794;&#x17B6;&#x179A;&#x17B6;&#x17C6;&#x1784;&#x178A;&#x17C4;&#x1799; &#x17A1;&#x17B6;&#x1785; &#x179A;&#x178F;&#x1793;&#x17B6; </subfield>
  </datafield>
  <datafield tag="250" ind1=" " ind2=" ">
    <subfield code="a">&#x1794;&#x17C4;&#x17C7;&#x1796;&#x17BB;&#x1798;&#x17D2;&#x1796;&#x179B;&#x17BE;&#x1780;&#x1791;&#x17B8; &#x17E2; &#x1781;&#x17C2;&#x1780;&#x17BB;&#x1798;&#x17D2;&#x1797;&#x17C8; &#x17E2;&#x17E0;&#x17E2;&#x17E2; </subfield>
  </datafield>
  <datafield tag="260" ind1=" " ind2=" ">
    <subfield code="a">Milan : </subfield>
    <subfield code="b">Sipar, </subfield>
    <subfield code="c">2019. </subfield>
  </datafield>
  <datafield tag="300" ind1=" " ind2=" ">
    <subfield code="a">37 pages : </subfield>
    <subfield code="b">color illustrations ; </subfield>
    <subfield code="c">25 cm </subfield>
  </datafield>
  <datafield tag="490" ind1=" " ind2=" ">
    <subfield code="a">&#x179F;&#x17D2;&#x179C;&#x17C2;&#x1784;&#x1799;&#x179B;&#x17CB;&#x1796;&#x17B8; </subfield>
  </datafield>
  <datafield tag="505" ind1=" " ind2=" ">
    <subfield code="a">Z 
</subfield>
  </datafield>
  <datafield tag="520" ind1=" " ind2=" ">
    <subfield code="a">&#x179F;&#x17C0;&#x179C;&#x1797;&#x17C5;&#x17AF;&#x1780;&#x179F;&#x17B6;&#x179A;&#x1793;&#x17C1;&#x17C7;&#x1794;&#x17D2;&#x179A;&#x1798;&#x17BC;&#x179B;&#x1795;&#x17D2;&#x178A;&#x17BB;&#x17C6;&#x1793;&#x17BC;&#x179C;&#x179F;&#x17C6;&#x178E;&#x17BD;&#x179A;&#x178A;&#x17C2;&#x179B;&#x1780;&#x17BB;&#x1798;&#x17B6;&#x179A;&#x178F;&#x17C2;&#x1784;&#x178F;&#x17C2;&#x1785;&#x17C4;&#x1791;&#x179F;&#x17BD;&#x179A;&#x1787;&#x17B6;&#x1789;&#x17B9;&#x1780;&#x1789;&#x17B6;&#x1794;&#x17CB;&#x17A2;&#x17C6;&#x1796;&#x17B8;&#x179F;&#x178F;&#x17D2;&#x179C;&#x179B;&#x17D2;&#x17A2;&#x17B7;&#x178F;&#x17D4; &#x179C;&#x17B6;&#x1787;&#x17B6;&#x179F;&#x17C0;&#x179C;&#x1797;&#x17C5;&#x1798;&#x17BD;&#x1799;&#x1780;&#x17D2;&#x1794;&#x17B6;&#x179B; &#x178A;&#x17C2;&#x179B;&#x1786;&#x17D2;&#x179B;&#x17BE;&#x1799;&#x178F;&#x1794;&#x1793;&#x17B9;&#x1784;&#x1785;&#x1798;&#x17D2;&#x1784;&#x179B;&#x17CB;&#x179A;&#x1794;&#x179F;&#x17CB;&#x1780;&#x17BB;&#x1798;&#x17B6;&#x179A;&#x17A2;&#x17C6;&#x1796;&#x17B8;&#x1796;&#x17B7;&#x1797;&#x1796;&#x1793;&#x17C5;&#x1787;&#x17BB;&#x17C6;&#x179C;&#x17B7;&#x1789;&#x1781;&#x17D2;&#x179B;&#x17BD;&#x1793;&#x1796;&#x17BD;&#x1780;&#x1782;&#x17C1;&#x17D4; </subfield>
  </datafield>
  <datafield tag="520" ind1=" " ind2=" ">
    <subfield code="a">This booklet collects the questions that children often ask about insects. It is a book that answers children's questions about the world around them.</subfield>
  </datafield>
  <datafield tag="521" ind1=" " ind2=" ">
    <subfield code="a">890 
</subfield>
    <subfield code="b">Lexile estimate 
</subfield>
  </datafield>
  <datafield tag="521" ind1=" " ind2=" ">
    <subfield code="a">Z 
</subfield>
    <subfield code="b">Raz-Plus 
</subfield>
  </datafield>
  <datafield tag="650" ind1=" " ind2=" ">
    <subfield code="a">&#x179F;&#x178F;&#x17D2;&#x179C;&#x179B;&#x17D2;&#x17A2;&#x17B7;&#x178F; </subfield>
    <subfield code="v">&#x179A;&#x17BC;&#x1794;&#x1797;&#x17B6;&#x1796; </subfield>
    <subfield code="x">&#x1780;&#x17B6;&#x179A;&#x1796;&#x17B6;&#x179A; </subfield>
  </datafield>
  <datafield tag="650" ind1=" " ind2=" ">
    <subfield code="a">Insects</subfield>
    <subfield code="v">Picture </subfield>
    <subfield code="x">Protect </subfield>
  </datafield>
  <datafield tag="700" ind1=" " ind2=" ">
    <subfield code="a">Prada, Sandra de la</subfield>
    <subfield code="c">illustrator </subfield>
  </datafield>
  <datafield tag="942" ind1=" " ind2=" ">
    <subfield code="2">ddc</subfield>
    <subfield code="c">BK</subfield>
    <subfield code="n">0</subfield>
  </datafield>
  <datafield tag="999" ind1=" " ind2=" ">
    <subfield code="c">1320</subfield>
    <subfield code="d">1320</subfield>
  </datafield>
  <datafield tag="952" ind1=" " ind2=" ">
    <subfield code="0">0</subfield>
    <subfield code="1">0</subfield>
    <subfield code="2">ddc</subfield>
    <subfield code="4">0</subfield>
    <subfield code="7">0</subfield>
    <subfield code="8">KH</subfield>
    <subfield code="a">001</subfield>
    <subfield code="b">001</subfield>
    <subfield code="c">KHRS</subfield>
    <subfield code="d">2023-08-15</subfield>
    <subfield code="l">1</subfield>
    <subfield code="o">HED 595.79</subfield>
    <subfield code="p">2023-0269</subfield>
    <subfield code="r">2024-08-23 09:07:38</subfield>
    <subfield code="s">2024-08-23</subfield>
    <subfield code="t">1</subfield>
    <subfield code="w">2023-08-15</subfield>
    <subfield code="y">BK</subfield>
  </datafield>
  <datafield tag="952" ind1=" " ind2=" ">
    <subfield code="0">0</subfield>
    <subfield code="1">0</subfield>
    <subfield code="2">ddc</subfield>
    <subfield code="4">0</subfield>
    <subfield code="7">0</subfield>
    <subfield code="8">KH</subfield>
    <subfield code="a">001</subfield>
    <subfield code="b">001</subfield>
    <subfield code="c">KHRS</subfield>
    <subfield code="d">2023-08-15</subfield>
    <subfield code="l">0</subfield>
    <subfield code="o">HED 595.79</subfield>
    <subfield code="p">2023-0270</subfield>
    <subfield code="r">2023-08-15 14:56:24</subfield>
    <subfield code="t">2</subfield>
    <subfield code="w">2023-08-15</subfield>
    <subfield code="y">BK</subfield>
  </datafield>
</record>
